[Event "Titled Tuesday intern op 12th Mar Late"]
[Site "Chess.com INT"]
[Date "2024.03.12"]
[Round "3"]
[White "Ilkhomi, Jaloliddin"]
[Black "Saha, Ananda"]
[Result "0-1"]
[WhiteElo "2131"]
[BlackElo "2022"]
[PlyCount "70"]
[EventDate "2024.03.12"]
[EventType "swiss (blitz)"]
[EventRounds "11"]
[EventCountry "USA"]
[SourceTitle "CB12_2024"]
[SourceDate "2023.10.01"]
[SourceVersion "1"]
[SourceVersionDate "2023.10.01"]
[SourceQuality "1"]

1. Nf3 d5 2. d4 Nf6 3. Bf4 e6 4. e3 c5 5. c3 Bd6 6. Bg3 Nc6 7. Nbd2 0-0 8. Ne5 Ne7 9. Bd3 b6 10. f4 Bb7 11. Qb1 Qc8 12. Bh4 Nf5 13. Bxf6 gxf6 14. Ng4 Kh8 15. Nxf6 Nxe3 16. Bxh7 Nxg2+ 17. Kd1 Bxf4 18. Rg1 Ne3+ 19. Kc1 cxd4 20. Bg8 Nf5 21. Qd3 Be3 22. Rg3 Ba6 23. Qc2 dxc3 24. bxc3 d4 25. c4 Bxc4 26. Rxe3 dxe3 27. Nxc4 Rxg8 28. Nxg8 Qxg8 29. Nxe3 Nxe3 30. Qc3+ Qg7 31. Qxe3 Qxa1+ 32. Kd2 Qxa2+ 33. Ke1 Qb1+ 34. Kf2 Qc2+ 35. Ke1 Qg6 0-1

[Event "Titled Tuesday intern op 16th Jan Late"]
[Site "Chess.com INT"]
[Date "2024.01.16"]
[Round "5"]
[White "Baltaci, Ismail Tarik"]
[Black "Saha, Ananda"]
[Result "0-1"]
[WhiteElo "2084"]
[BlackElo "1992"]
[PlyCount "62"]
[EventDate "2024.01.16"]
[EventType "swiss (blitz)"]
[EventRounds "11"]
[EventCountry "USA"]
[SourceTitle "CB04_2024"]
[SourceDate "2023.10.16"]
[SourceVersion "1"]
[SourceVersionDate "2023.10.16"]
[SourceQuality "1"]

1. e4 e6 2. d4 d5 3. e5 c5 4. c3 Nc6 5. Nf3 Nge7 6. Bd3 cxd4 7. cxd4 Nf5 8. Bxf5 exf5 9. 0-0 Be7 10. Nc3 Be6 11. h4 Bxh4 12. Nxh4 Qxh4 13. Nb5 0-0 14. f4 Qd8 15. Be3 Qb6 16. Nd6 Ne7 17. b3 Nc8 18. Nxc8 Raxc8 19. Qd2 Rc6 20. Rac1 Rfc8 21. Rc5 Rxc5 22. dxc5 Qb5 23. Rc1 Rc6 24. Qc3 Qe2 25. Rc2 Qd1+ 26. Kh2 Bd7 27. Rd2 Rh6+ 28. Kg3 Qe1+ 29. Kf3 d4 30. c6 Bxc6+ 31. Qxc6 Qxe3# 0-1

[Event "Titled Tuesday intern op 16th Jan Late"]
[Site "Chess.com INT"]
[Date "2024.01.16"]
[Round "6"]
[White "Heberla, Bartlomiej"]
[Black "Saha, Ananda"]
[Result "1-0"]
[WhiteElo "2546"]
[BlackElo "1992"]
[PlyCount "100"]
[EventDate "2024.01.16"]
[EventType "swiss (blitz)"]
[EventRounds "11"]
[EventCountry "USA"]
[SourceTitle "CB04_2024"]
[SourceDate "2023.10.16"]
[SourceVersion "1"]
[SourceVersionDate "2023.10.16"]
[SourceQuality "1"]

1. d4 Nf6 2. c4 e6 3. Nc3 Bb4 4. e3 c5 5. Nge2 0-0 6. a3 Bxc3+ 7. Nxc3 b6 8. d5 exd5 9. cxd5 d6 10. Be2 Bf5 11. 0-0 a6 12. f3 b5 13. e4 Bg6 14. Bf4 Re8 15. Qd2 c4 16. Kh1 Qe7 17. Rae1 Nbd7 18. Be3 Ne5 19. f4 Nxe4 20. Nxe4 Bxe4 21. fxe5 Qxe5 22. Bf4 Qxd5 23. Qxd5 Bxd5 24. Bxd6 Rad8 25. Bb4 f6 26. Bf3 Kf7 27. Bxd5+ Rxd5 28. Rxe8 Kxe8 29. Re1+ Kf7 30. Kg1 Kg6 31. Kf2 Rf5+ 32. Ke3 Re5+ 33. Kd4 Rg5 34. g3 h5 35. Re6 h4 36. gxh4 Rg4+ 37. Kc5 Rxh4 38. Rxa6 Rxh2 39. Kxb5 Rxb2 40. Kxc4 Kf5 41. a4 g5 42. Bc3 Rh2 43. Rxf6+ Ke4 44. Re6+ Kf3 45. a5 g4 46. a6 g3 47. Rf6+ Ke2 48. Rg6 Kf3 49. Rxg3+ Kf4 50. Rg7 Rh8 1-0

[Event "Titled Tuesday intern op 09th Jan Early"]
[Site "Chess.com INT"]
[Date "2024.01.09"]
[Round "9"]
[White "Saha, Ananda"]
[Black "Chemin, Justo Reinaldo"]
[Result "1-0"]
[WhiteElo "1992"]
[BlackElo "2040"]
[PlyCount "45"]
[EventDate "2024.01.09"]
[EventType "swiss (blitz)"]
[EventRounds "11"]
[EventCountry "USA"]
[SourceTitle "CB03_2024"]
[SourceDate "2024.01.17"]
[SourceVersion "1"]
[SourceVersionDate "2024.01.17"]
[SourceQuality "1"]

1. e4 d5 2. exd5 Qxd5 3. Nc3 Qa5 4. d4 c6 5. Nf3 Nf6 6. Bc4 Bg4 7. h3 Bxf3 8. Qxf3 Nbd7 9. Bd2 Qb4 10. Qe2 e6 11. Nd5 Qxb2 12. Nc7+ Kd8 13. 0-0 Kxc7 14. Rfb1 Qxd4 15. Rd1 Bc5 16. Ba5+ b6 17. Rxd4 Bxd4 18. Rd1 Bc5 19. Bc3 Rad8 20. g4 h6 21. Qf3 Nf8 22. Rxd8 Kxd8 23. Bxf6+ 1-0

[Event "Titled Tuesday intern op 09th Jan Early"]
[Site "Chess.com INT"]
[Date "2024.01.09"]
[Round "5"]
[White "Saha, Ananda"]
[Black "Rustamov, Rustam"]
[Result "0-1"]
[WhiteElo "1992"]
[BlackElo "2261"]
[PlyCount "106"]
[EventDate "2024.01.09"]
[EventType "swiss (blitz)"]
[EventRounds "11"]
[EventCountry "USA"]
[SourceTitle "CB03_2024"]
[SourceDate "2024.01.17"]
[SourceVersion "1"]
[SourceVersionDate "2024.01.17"]
[SourceQuality "1"]

1. e4 c5 2. Nf3 d6 3. d4 cxd4 4. Qxd4 Nc6 5. Bb5 Bd7 6. Bxc6 Bxc6 7. c4 Nf6 8. Nc3 e6 9. 0-0 Be7 10. Rd1 0-0 11. h3 a6 12. Be3 b5 13. Rac1 bxc4 14. Qxc4 Bb7 15. e5 Nd5 16. Nxd5 Bxd5 17. Qc7 Rc8 18. Qxd8 Rfxd8 19. exd6 Bxd6 20. b3 Ba3 21. Rxc8 Rxc8 22. Nd4 f6 23. h4 Kf7 24. h5 g6 25. hxg6+ hxg6 26. f3 e5 27. Nb5 Bxb3 28. Rd7+ Ke6 29. Nxa3 Kxd7 30. axb3 Rc3 31. Kf2 Rxb3 32. Nc4 Ke6 33. g4 Rc3 34. Na5 f5 35. Nb7 Kd5 36. g5 f4 37. Bd2 Rd3 38. Ke2 Rb3 39. Na5 Rb5 40. Bc3 e4 41. fxe4+ Kxe4 42. Bd2 f3+ 43. Kf2 Rb2 44. Nc4 Rc2 45. Nd6+ Kd3 46. Kxf3 Rxd2 47. Nf7 Kd4 48. Kg4 Rg2+ 49. Kf3 Rg1 50. Kf2 Rb1 51. Kf3 a5 52. Nh8 Rb6 53. Kf4 a4 0-1

[Event "Quebec op"]
[Site "Montreal"]
[Date "2023.08.04"]
[Round "9"]
[White "Robichaud, Louis"]
[Black "Saha, Ananda"]
[Result "1/2-1/2"]
[WhiteElo "2008"]
[BlackElo "1984"]
[PlyCount "120"]
[EventDate "2023.07.29"]
[EventType "swiss"]
[EventRounds "9"]
[EventCountry "CAN"]
[SourceTitle "CBM 215 Extra"]
[Source "ChessBase"]
[SourceDate "2023.09.30"]
[SourceVersion "1"]
[SourceVersionDate "2023.09.30"]
[SourceQuality "1"]

1. e4 e6 2. d3 b6 3. g3 Bb7 4. Bg2 c5 5. Nf3 Nc6 6. 0-0 Nge7 7. Re1 d5 8. exd5 Nxd5 9. Nbd2 Be7 10. Nc4 0-0 11. a4 a6 12. h4 b5 13. Ncd2 Nd4 14. Nxd4 cxd4 15. axb5 axb5 16. Rxa8 Qxa8 17. Nb3 Bf6 18. Bg5 Bxg5 19. hxg5 Ne7 20. Bxb7 Qxb7 21. Nxd4 Qd5 22. Qg4 Ng6 23. Nf3 Rc8 24. Re2 b4 25. Qe4 Qa5 26. Kh2 Qc5 27. d4 Qc4 28. Kg2 Ne7 29. Ne5 Qd5 30. Qxd5 Nxd5 31. Kf3 Ra8 32. Ke4 Ra2 33. Nc4 Ra1 34. Ne3 Nb6 35. Rd2 Kf8 36. d5 exd5+ 37. Nxd5 Nc4 38. Rd4 Nxb2 39. Rxb4 Re1+ 40. Kd4 Nd1 41. Rb1 h6 42. gxh6 gxh6 43. c4 Ke8 44. Kc5 Kd7 45. Ne3 Nxf2 46. Rxe1 Nd3+ 47. Kd5 Nxe1 48. g4 Ke7 49. Ke4 Kd6 50. Nf5+ Kc5 51. Nxh6 Kxc4 52. Nxf7 Ng2 53. g5 Nh4 54. Ne5+ Kc5 55. Kf4 Kd6 56. Kg4 Ng2 57. Kf5 Ne3+ 58. Kf6 Nd5+ 59. Kf7 Kxe5 60. g6 Nf6 1/2-1/2

[Event "Quebec op"]
[Site "Montreal"]
[Date "2023.08.04"]
[Round "8"]
[White "Saha, Ananda"]
[Black "Malakhovets, Sergey"]
[Result "1/2-1/2"]
[WhiteElo "1984"]
[BlackElo "1966"]
[PlyCount "123"]
[EventDate "2023.07.29"]
[EventType "swiss"]
[EventRounds "9"]
[EventCountry "CAN"]
[SourceTitle "CBM 215 Extra"]
[Source "ChessBase"]
[SourceDate "2023.09.30"]
[SourceVersion "1"]
[SourceVersionDate "2023.09.30"]
[SourceQuality "1"]

1. Nf3 d5 2. c4 c6 3. g3 Bg4 4. Bg2 e6 5. 0-0 Nf6 6. d3 Nbd7 7. Nbd2 Be7 8. b3 0-0 9. Bb2 a5 10. Qc2 Bh5 11. a3 Qb8 12. Rfe1 Rc8 13. Rac1 b5 14. e4 Nb6 15. c5 Nbd7 16. d4 dxe4 17. Nxe4 Nxe4 18. Qxe4 Nf6 19. Qe5 Bxf3 20. Bxf3 Qxe5 21. dxe5 Nd5 22. Be4 g6 23. f4 Ra7 24. Kg2 Rd7 25. Kf3 b4 26. a4 Bf8 27. g4 Bh6 28. g5 Bf8 29. h4 Ne7 30. Red1 Rcd8 31. Rd6 Nf5 32. Bxc6 Bxd6 33. Bxd7 Bxc5 34. Bb5 Bd4 35. Rd1 Bb6 36. Rxd8+ Bxd8 37. Ke4 h5 38. gxh6 Bxh4 39. Kd3 Bf2 40. Bc1 Bb6 41. Be8 Nxh6 42. Kc4 Kf8 43. Kb5 Bd8 44. Bc6 Nf5 45. Be4 f6 46. Bd2 fxe5 47. fxe5 g5 48. Bxb4+ axb4 49. a5 Nd4+ 50. Kxb4 Bxa5+ 51. Kxa5 Nxb3+ 52. Kb4 Nd2 53. Bg2 g4 54. Kc3 Nf3 55. Bxf3 gxf3 56. Kd3 Kg7 57. Ke3 f2 58. Kxf2 Kg6 59. Kg2 Kg5 60. Kg3 Kf5 61. Kf3 Kxe5 62. Ke3 1/2-1/2

[Event "Quebec op"]
[Site "Montreal"]
[Date "2023.07.30"]
[Round "3"]
[White "Rodrigue Lemieux, Shawn"]
[Black "Saha, Ananda"]
[Result "1-0"]
[WhiteElo "2495"]
[BlackElo "1984"]
[PlyCount "111"]
[EventDate "2023.07.29"]
[EventType "swiss"]
[EventRounds "9"]
[EventCountry "CAN"]
[SourceTitle "CBM 215 Extra"]
[Source "ChessBase"]
[SourceDate "2023.09.30"]
[SourceVersion "1"]
[SourceVersionDate "2023.09.30"]
[SourceQuality "1"]

1. d4 Nf6 2. c4 e6 3. Nc3 d5 4. Bg5 Be7 5. e3 h6 6. Bh4 0-0 7. Rc1 c6 8. Bd3 Nbd7 9. Nf3 dxc4 10. Bxc4 b5 11. Bd3 Bb7 12. 0-0 Rc8 13. a3 a6 14. b4 Nd5 15. Bxe7 Qxe7 16. Qb3 Ra8 17. Ne4 a5 18. Nc5 Nxc5 19. bxc5 Qc7 20. Rfe1 Ba6 21. Nd2 Rfb8 22. e4 Ne7 23. Bb1 b4 24. a4 Rd8 25. Nf3 Qf4 26. g3 Qc7 27. Rcd1 Rab8 28. Ba2 Ng6 29. h4 Qe7 30. h5 Nf8 31. Ne5 Rbc8 32. Nc4 Bxc4 33. Qxc4 Qc7 34. Bb3 Rd7 35. f4 Rcd8 36. Kf2 Nh7 37. e5 Nf8 38. g4 Rd5 39. Ke3 Qe7 40. Qc2 R5d7 41. Qg2 Rc7 42. Rg1 g5 43. hxg6 Nxg6 44. Rh1 Kg7 45. Rh5 Rcd7 46. f5 Nxe5 47. f6+ Qxf6 48. dxe5 Qe7 49. Rd6 Rxd6 50. cxd6 Qa7+ 51. Kd3 Rg8 52. Qd2 Kf8 53. Qxh6+ Ke8 54. Rg5 Rf8 55. Qf6 c5 56. Bc4 1-0

[Event "Quebec op"]
[Site "Montreal"]
[Date "2023.07.29"]
[Round "2"]
[White "Voskanyan, Vahagn"]
[Black "Saha, Ananda"]
[Result "0-1"]
[WhiteElo "2181"]
[BlackElo "1984"]
[PlyCount "92"]
[EventDate "2023.07.29"]
[EventType "swiss"]
[EventRounds "9"]
[EventCountry "CAN"]
[SourceTitle "CBM 215 Extra"]
[Source "ChessBase"]
[SourceDate "2023.09.30"]
[SourceVersion "1"]
[SourceVersionDate "2023.09.30"]
[SourceQuality "1"]

1. c4 e6 2. g3 d5 3. Bg2 Nf6 4. Nf3 c5 5. cxd5 exd5 6. d4 Nc6 7. Nc3 h6 8. 0-0 Be6 9. Be3 c4 10. b3 Bb4 11. Rc1 Ba3 12. bxc4 Bxc1 13. Bxc1 0-0 14. cxd5 Nxd5 15. Na4 Nf6 16. Nc5 Bxa2 17. Nxb7 Qb6 18. Nc5 Rad8 19. Qc2 Bb1 20. Qc4 Na5 21. Qa4 Be4 22. Ba3 Bc6 23. Qd1 Nc4 24. Bc1 Rfe8 25. e3 a5 26. Qc2 Nd6 27. Bd2 Ra8 28. Rb1 Qc7 29. Rc1 Bd5 30. Qd3 Qe7 31. Ra1 Nc4 32. Bc3 Qc7 33. Ra4 Nd6 34. Be1 Nfe4 35. Nb3 Reb8 36. Nbd2 Qc1 37. Bf1 Nxd2 38. Qxd2 Qc6 39. Rxa5 Bxf3 40. d5 Qd7 41. Qa2 Rxa5 42. Qxa5 Ne4 43. Qa2 Ng5 44. Bc4 Qh3 45. Bf1 Qf5 46. h4 Bxd5 0-1

[Event "Ottawa EOCA op"]
[Site "Ottawa"]
[Date "2023.03.05"]
[Round "5"]
[White "Saha, Ananda"]
[Black "Moses, Neil"]
[Result "1-0"]
[WhiteElo "2216"]
[BlackElo "1912"]
[PlyCount "69"]
[EventDate "2023.03.03"]
[EventType "swiss"]
[EventRounds "5"]
[EventCountry "CAN"]
[SourceTitle "CBM 213 Extra"]
[Source "ChessBase"]
[SourceDate "2023.05.31"]
[SourceVersion "1"]
[SourceVersionDate "2023.05.31"]
[SourceQuality "1"]

1. d4 Nf6 2. Bg5 Ne4 3. Bf4 d5 4. f3 Nf6 5. Nc3 e6 6. e4 Bb4 7. e5 Nfd7 8. a3 Be7 9. Be3 c5 10. f4 cxd4 11. Bxd4 Nc6 12. Nf3 Nxd4 13. Nxd4 h5 14. Be2 g6 15. 0-0 Nb6 16. Kh1 Bd7 17. a4 Rc8 18. a5 Nc4 19. Bxc4 Rxc4 20. a6 bxa6 21. Rxa6 Qb8 22. Ra2 Bc5 23. Nce2 Bb6 24. c3 Ke7 25. Qd3 a5 26. b3 Rc5 27. Rd2 Qb7 28. Rfd1 Ra8 29. Qg3 Bd8 30. f5 exf5 31. e6 Bxe6 32. Nxe6 fxe6 33. Qxg6 Qxb3 34. Nd4 Qb6 35. Re1 1-0

[Event "Quebec op"]
[Site "Laval"]
[Date "2022.09.05"]
[Round "7"]
[White "Vera Gonzalez Quevedo, Reynaldo"]
[Black "Saha, Ananda"]
[Result "0-1"]
[WhiteElo "2402"]
[BlackElo "2025"]
[PlyCount "70"]
[EventDate "2022.09.01"]
[EventType "swiss"]
[EventRounds "9"]
[EventCountry "CAN"]
[SourceTitle "CBM 210 Extra"]
[Source "ChessBase"]
[SourceDate "2022.11.30"]
[SourceVersion "1"]
[SourceVersionDate "2022.11.30"]
[SourceQuality "1"]

1. d4 e6 2. Nf3 c5 3. c4 cxd4 4. Nxd4 Nf6 5. Nc3 a6 6. g3 Nc6 7. Bg2 Qc7 8. 0-0 Be7 9. b3 0-0 10. Bb2 Rb8 11. Rc1 Bc5 12. e3 b6 13. Qd2 Bb7 14. Nd5 exd5 15. cxd5 Ne7 16. b4 Bxd5 17. Bxd5 Nfxd5 18. bxc5 bxc5 19. Nb3 d6 20. e4 Nb4 21. e5 dxe5 22. Rxc5 Qb6 23. Bxe5 Rbd8 24. Qe2 Qe6 25. Rd1 Nec6 26. Rxd8 Rxd8 27. Qh5 Nd3 28. Rxc6 Qxc6 29. Bxg7 Ne1 30. Kf1 Qh1+ 31. Ke2 Re8+ 32. Kd2 Qe4 33. Nd4 Qd3+ 34. Kc1 Rc8+ 35. Kb2 Qc3+ 0-1

[Event "Montreal Noel op"]
[Site "Montreal"]
[Date "2019.12.26"]
[Round "1"]
[White "Yan, Alex Jikai"]
[Black "Saha, Ananda"]
[Result "0-1"]
[WhiteElo "1647"]
[BlackElo "2077"]
[PlyCount "70"]
[EventDate "2019.12.26"]
[EventType "swiss"]
[EventRounds "5"]
[EventCountry "CAN"]
[SourceTitle "CBM 194 Extra"]
[Source "ChessBase"]
[SourceDate "2020.03.31"]
[SourceVersion "1"]
[SourceVersionDate "2020.03.31"]
[SourceQuality "1"]

1. e4 e6 2. d4 d5 3. exd5 exd5 4. Nf3 Bd6 5. Bd3 Nc6 6. Nc3 Nge7 7. 0-0 Bg4 8. Be3 Qd7 9. Nb5 f6 10. Nxd6+ Qxd6 11. h3 Bf5 12. Re1 0-0-0 13. c3 g5 14. b4 h5 15. a4 Rdg8 16. Nh2 g4 17. hxg4 hxg4 18. g3 Qd7 19. Kg2 Bxd3 20. Qxd3 Nf5 21. Rh1 Qh7 22. Kg1 Nce7 23. Bd2 Qh5 24. Qf1 Rh7 25. Qg2 Rgh8 26. Re1 Nd6 27. Bf4 Ne4 28. c4 Ng6 29. cxd5 f5 30. Be3 Ne7 31. d6 cxd6 32. Bf4 Kd7 33. b5 Nd5 34. Rc1 Nxf4 35. gxf4 Qh6 0-1

[Event "CAN-ch International"]
[Site "Longueuil"]
[Date "2019.10.11"]
[Round "1"]
[White "Bouvier, Jesse"]
[Black "Saha, Ananda"]
[Result "1-0"]
[WhiteElo "2266"]
[BlackElo "2227"]
[PlyCount "141"]
[EventDate "2019.10.11"]
[EventType "swiss"]
[EventRounds "5"]
[EventCountry "CAN"]
[SourceTitle "CBM 192 Extra"]
[Source "Chessbase"]
[SourceDate "2019.11.06"]
[SourceVersion "1"]
[SourceVersionDate "2019.11.06"]
[SourceQuality "1"]

1. e4 e6 2. d4 d5 3. e5 c5 4. c3 Nc6 5. Nf3 Bd7 6. a3 Nge7 7. Bd3 Rc8 8. 0-0 cxd4 9. cxd4 Nf5 10. Bxf5 exf5 11. Qb3 Qb6 12. Qxb6 axb6 13. Nc3 Be6 14. Be3 Be7 15. Rfd1 h6 16. h4 Rg8 17. h5 g5 18. hxg6 fxg6 19. Ne1 g5 20. f4 Na5 21. Bf2 Nc4 22. Rab1 Kf7 23. Ne2 g4 24. g3 h5 25. Rd3 b5 26. Ng2 b6 27. Be1 Rc6 28. Rb3 Rd8 29. Rxb5 Bc8 30. Rb3 Ke6 31. Rd3 Ba6 32. Rc3 Rdc8 33. Kf2 b5 34. Rcc1 Bd8 35. Bb4 Bb6 36. Rh1 Rh8 37. Rbc1 Bb7 38. b3 Na5 39. Bxa5 Bxa5 40. b4 Bb6 41. Rxc6+ Bxc6 42. Rc1 Bd7 43. Ke3 Bd8 44. Nh4 Rg8 45. Ng2 Be7 46. Rc7 Ra8 47. Rc3 h4 48. gxh4 Rh8 49. Kf2 Bxh4+ 50. Nxh4 Rxh4 51. Kg2 Rh6 52. Nc1 Ke7 53. Nb3 Kd8 54. Na5 Ke7 55. Nb7 Ke8 56. Nd6+ Ke7 57. Nb7 Ke8 58. Nc5 Rc6 59. Rc1 Rh6 60. Rh1 Rxh1 61. Kxh1 Ke7 62. Kh2 Be8 63. Kg3 Kf7 64. Kh4 Kg6 65. Nb3 Kh6 66. Nd2 Kg6 67. Nb1 Bc6 68. Nc3 Kh6 69. a4 bxa4 70. b5 Be8 71. b6 1-0

[Event "Montreal op"]
[Site "Montreal"]
[Date "2019.09.07"]
[Round "2"]
[White "Saha, Ananda"]
[Black "Yu, Zong Yang"]
[Result "0-1"]
[WhiteElo "2103"]
[BlackElo "2394"]
[PlyCount "88"]
[EventDate "2019.09.06"]
[EventType "swiss"]
[EventRounds "5"]
[EventCountry "CAN"]
[SourceTitle "EXT 2020"]
[Source "ChessBase"]
[SourceDate "2019.10.17"]
[SourceVersion "1"]
[SourceVersionDate "2019.10.17"]
[SourceQuality "1"]

1. d4 Nf6 2. Bg5 Ne4 3. Bf4 c5 4. f3 Qa5+ 5. c3 Nf6 6. d5 Qb6 7. Bc1 e6 8. e4 d6 9. dxe6 Bxe6 10. Na3 Nc6 11. Nc4 Qc7 12. Bf4 0-0-0 13. Qa4 Nh5 14. Be3 d5 15. exd5 Rxd5 16. g4 Nf6 17. Bf4 Qd8 18. Ne3 Rd7 19. Bb5 Qb6 20. Ne2 a6 21. Bxc6 Qxc6 22. Qxc6+ bxc6 23. c4 Be7 24. Nc3 Rhd8 25. Rd1 Rxd1+ 26. Ncxd1 Nd7 27. Nc3 Bf6 28. Ne4 Ne5 29. Bxe5 Bxe5 30. b3 Bd4 31. Ke2 Kc7 32. Rd1 Kb6 33. Nc2 f5 34. Nxd4 fxe4 35. Nxe6 exf3+ 36. Kxf3 Rxd1 37. Nxg7 Rd2 38. h4 Rxa2 39. h5 Ra3 40. h6 Rxb3+ 41. Kf4 a5 42. g5 a4 43. g6 Rh3 44. Nh5 hxg6 0-1